000 00276nam a2200109Ia 4500
001 1276708
005 20260417160452.0
008 260417s9999 xx 000 0 und d
020 _a9786052851524
245 0 _aMekanik Prens
_cAndreas Steinhöfel
260 _bTudem Yayınları
999 _c1276708
_d1276708